000 00298nam a22001337a 4500
008 170927b xxu||||| |||| 00| 0 eng d
020 _a9780073375205
041 _aeng
080 _a37
100 _a46
101 _aEDU
245 _aPOWER LEARNING AND YOUR LIFE
_cFELDMAN,R,S
942 _2udc
_cBK
999 _c30196
_d30196